000 01329nam a2200217Ia 4500
003 Ost
005 20260416102357.0
008 260416s9999||||xx |||||||||||||| ||und||
040 _cfsecg
041 _aara
082 _a350.1
100 _aموترفي، أمال
_eمؤلف
245 0 _a حالات عملية في إدارة الموارد البشرية :
_bمحاضرات موجهة لطلبة الثالثة ليسانس في علوم التسيير تخصص إدارة الموارد البشرية /
_c أمال موترفي
260 _aالجزائر
_bجامعة الجزائر3: كلية العلوم الإقتصادية، العلوم التجارية وعلوم التسيير
_c2021
300 _a137 ورقة
_bايضاحات
_c30 سم
504 _aمراجع ص.137
520 _aمدخل الى الادارة الاستراتيجية، نموذج التخطيط الاستراتيجي للموارد البشرية، نموذج الموارد و الكفاءات، نموذج تنافسية الموارد البشرية، نموذج محاسبة الموارد البشرية
653 _aادارة الافراد
710 _aجامعة الجزائر3: كلية العلوم الإقتصادية، العلوم التجارية وعلوم التسيير
_eناشر علمي
942 _cHANDOUT
999 _c41258
_d41258